00633nam a2200181 i 450000100060000000300090000600500170001500700030003200800410003508000280007608000350010410000370013924501200017626000600029630000220035665000520037885200210043037993ES-MaACL20250902063051.0t|030224s1922 sp ||||1| spa d a929 Cabanillas, Alfredo a355.48(460:64)"1921/26"(093.3)1 aCabanillas, Alfredo, d1894-197913aLa epopeya del soldado b: desde el desastre de Annual hasta la reconquista de Monte Arruit / cAlfredo Cabanillas. aMadrid : b[s.n.], c1922 (fImp. Clásica Española) a280 p. ; c19 cm. 4aGuerra del Rif, 1921-1926-vRelatos personales. aES-MaACLjF-8987